000 01049cam a2200301 a 4500
999 _c127444
_d127444
001 70970
003 ARRUPE
005 20180118114145.0
008 940630s1993 cg ab b 001 0 fre
010 _a 94980814
035 _a(DLC) 94980814
040 _aDLC
_cDLC
_dDLC
042 _alcode
043 _af-cg---
050 0 0 _aBL2470.Z28
_bA67 1993
245 0 0 _aApproches des rites et interdits de la Bible par le langage rituel zaïrois.
260 _aBandundu [Zaire] :
_bCeeba,
_c1993.
300 _a215 p. :
_bill., map ;
_c24 cm.
490 1 _aPublications/Ceeba. Série I ;
_vvol. 29
504 _aIncludes bibliographical references (p. 189-190) and index.
651 0 _aCongo (Democratic Republic)
_xReligious life and customs.
_938718
710 2 _aCeeba.
_938719
740 0 _aRites et interdits de la Bible.
830 0 _aPublications (Ceeba).
_nSérie I ;
_vv. 29.
_938720
906 _a7
_bcbc
_corigode
_d3
_encip
_f19
_gy-gencatlg
942 _2lcc
_cMONOGRAPH